[Event "NED-ch U14 op"]
[Site "Borne"]
[Date "2013.08.09"]
[Round "7"]
[White "Zijdemans, Eva"]
[Black "Grimm, Manuel"]
[Result "1-0"]
[WhiteElo "792"]
[BlackElo "990"]
[PlyCount "33"]
[EventDate "2013.08.05"]
[EventType "swiss"]
[EventRounds "9"]
[EventCountry "NED"]
[SourceTitle "EXT 2015"]
[Source "ChessBase"]
[SourceDate "2014.11.20"]
[SourceVersion "1"]
[SourceVersionDate "2014.11.20"]
[SourceQuality "1"]

1. e4 e6 2. d4 d5 3. exd5 exd5 4. c4 Nf6 5. Nf3 c5 6. Nc3 Nc6 7. Be3 Bg4 8. dxc5 Qa5 9. cxd5 Bxf3 10. Qxf3 Nb4 11. Qd1 Nbxd5 12. Bb5+ Kd8 13. 0-0 Kc8 14. Nxd5 Nxd5 15. Qxd5 Qxb5 16. Rfd1 Be7 17. Qf5+ 1-0

[Event "NED-ch U14 op"]
[Site "Borne"]
[Date "2013.08.06"]
[Round "3"]
[White "Van Harten, Lucas"]
[Black "Grimm, Manuel"]
[Result "1-0"]
[WhiteElo "1118"]
[BlackElo "990"]
[PlyCount "61"]
[EventDate "2013.08.05"]
[EventType "swiss"]
[EventRounds "9"]
[EventCountry "NED"]
[SourceTitle "EXT 2015"]
[Source "ChessBase"]
[SourceDate "2014.11.20"]
[SourceVersion "1"]
[SourceVersionDate "2014.11.20"]
[SourceQuality "1"]

1. e4 e6 2. d4 d5 3. e5 c5 4. c3 Qb6 5. Nf3 Nc6 6. Qb3 cxd4 7. Qxb6 axb6 8. cxd4 Be7 9. Bb5 Bd7 10. Bf4 f6 11. Bxc6 Bxc6 12. Nc3 Bb4 13. 0-0 Ne7 14. exf6 gxf6 15. a3 Ba5 16. b4 Bxb4 17. axb4 Rxa1 18. Rxa1 0-0 19. Bh6 Rd8 20. b5 Bd7 21. g4 e5 22. dxe5 Bxg4 23. exf6 Nf5 24. Bg5 Kf7 25. Ne5+ Ke6 26. Nxg4 d4 27. Re1+ Kd7 28. Rd1 Kc8 29. Na4 Kc7 30. Bf4+ Kc8 31. Nxb6# 1-0